Sisters antipodes / Jane Alison.
Available copies
- 1 of 1 copy available at LARL/NWRL Consortium.
- 1 of 1 copy available at Lake Agassiz Regional Library. (Show preferred library)
Current holds
0 current holds with 1 total copy.
Show Only Available Copies
| Location | Call Number / Copy Notes | Barcode | Shelving Location | Status | Due Date |
|---|---|---|---|---|---|
| Moorhead Public Library | 921 ALI (Text) | 33500010015261 | Main | Available | - |
Record details
- ISBN: 9780151012800
- ISBN: 0151012806
- Physical Description: p. cm.
- Edition: 1st ed.
- Publisher: Orlando : Houghton Mifflin Harcourt, c2009.
Search for related items by subject
| Subject: | Alison, Jane > Family. Alison, Jane > Childhood and youth. Novelists, American > 21st century > Biography. |
| LDR | 01060cam a22003138a 4500 | ||
|---|---|---|---|
| 001 | 98963 | ||
| 003 | LARL_NWRL_CONSORTIUM | ||
| 005 | 20081212154711.0 | ||
| 008 | 080331s2009 flu 000 0 eng | ||
| 010 | . | ‡a2008014747 | |
| 020 | . | ‡a9780151012800 | |
| 020 | . | ‡a0151012806 | |
| 035 | . | ‡a(OCoLC)217264020 | |
| 040 | . | ‡aDLC ‡cDLC ‡dBTCTA ‡dBAKER ‡dYDXCP | |
| 082 | 0 | 0. | ‡a813/.54 ‡aB ‡222 |
| 100 | 1 | . | ‡aAlison, Jane. ‡0(LARL_NWRL_CONSORTIUM)218500 |
| 245 | 1 | 0. | ‡aSisters antipodes / ‡cJane Alison. |
| 250 | . | ‡a1st ed. | |
| 260 | . | ‡aOrlando : ‡bHoughton Mifflin Harcourt, ‡cc2009. | |
| 300 | . | ‡ap. cm. | |
| 600 | 1 | 0. | ‡aAlison, Jane ‡xFamily. |
| 600 | 1 | 0. | ‡aAlison, Jane ‡xChildhood and youth. |
| 650 | 0. | ‡aNovelists, American ‡y21st century ‡vBiography. | |
| 901 | . | ‡a98963 ‡bOCLC ‡c98963 ‡tbiblio | |

Add to basket
Permalink
Disable Highlighting